Random Pokemon Facts - Statistics

General Stats
  • This quiz has been taken 156 times
  • The average score is 9 of 20
Answer Stats
Hint Answer % Correct
Though based off a genetic mutation of one Pokemon, Mewtwo comes before which Pokemon in the Pokedex? Mew
84%
This Pokemon is based off Bruce Lee Hitmonlee
83%
The first Pokemon to have been thought of (Not Bulbasaur, Pikachu, or Arceus) Rhydon
74%
This Pokemon is the pre evolution of the question above Tyrogue
67%
This Pokemon was replaced by Moltres to be the Fire legendary of Generation 1 Arcanine
61%
This Pokemon is the only unique one, as it has 4,000,000,000+ designs by Game Freak Spinda
60%
Pikachu's sworn enemy has the opposite Pokedex entry: 52 over Pikachu's 25 Meowth
56%
This line of Pokemon has the German numbers 1, 2, and 3 (Say any of them) Deino, Zweilous, Hydreigon
55%
This starter Pokemon is also the fastest Grass-Type Sceptile
52%
So many people hated its design, so Game Freak changed its design Jynx
46%
This is the only Pokemon that can learn every single move except Chatter and Struggle Smeargle
43%
The only Pokemon with no moves effective to it (name any of its line, as of Gen 7) Tynamo, Eelektrik, Eelektross
37%
All Pokemon stay male, female, or genderless through evolution except which? Azurill
30%
The only Pokemon that resembles a zombie based off its Pokedex entries Parasect
29%
This starter Pokemon has the highest Sp. Attack of all the starters minus mega evolutions Primarina
29%
This Pokemon was accidentally made overpowered when Game Freak released Eviolites without looking at this one Pokemon Chansey
27%
The only Pokemon in Generation 3 that begins with the letter I (as in Ice) Illumise
27%
The only Pokemon with the same base stat total as its Pokedex Number Archeops
17%
This Pokemon can't learn any HM's, and only one TM, fully evolved Wobbuffet
15%
The only Pokemon to be considered better than its evolved form WITHOUT AN EVIOLITE Scyther
14%
No matching quizzes found
Score Distribution
Percent of People with Each Score
Percentile by Number Answered
Your Score History
You have not taken this quiz